000 00769nam a2200253Ia 4500
003 OSt
005 20230518164926.0
008 210423s2012 xx 000 0 und d
020 _a978-1-4496-0445-5
040 _cAL
041 _aeng
082 _a515.9
_223
_bMATC
100 _aMATHEWS (John H);HOWELL (Russell W)
_9109146
245 _aComplex analysis: for mathematics and engineering Ed 6
250 _a7
260 _aLondon
_bJones & Bartlett Publishers
_c2012
300 _axvi,645
_bPB
365 _b5346.4
_cUSD
440 _aInternational series in mathematics
_9109147
650 _aComplex Variables
_9109148
650 _aMathematical Analysis
_9109149
906 _a6: ; analysis ; Complex ; Ed ; engineering ; mathematics
942 _2ddc
_cBK
999 _c166828
_d166828